Filipino (Chichirya) - Statistics

General Stats
  • This quiz has been taken 87 times
  • The average score is 4 of 14
Answer Stats
Answer % Correct
Piattos
95%
Nova
75%
Vcut
47%
Oishi
41%
Clover
40%
Boy Bawang
27%
Cheese Ring
24%
Sweet Corn
17%
Pillows
15%
Snacku
15%
Tomi
11%
Loaded
7%
Peewee
7%
Potato Fries
7%
No matching quizzes found
Score Distribution
Percent of People with Each Score
Percentile by Number Answered
Your Score History
You have not taken this quiz